Geography Quiz

Random Geography or City Quiz
Score 0/47 Timer 05:00
0 Plays Today
Hint Answer % Correct
Capitals containing AVVienna
86.2%
Capitals containing VVienna
86.2%
Capitals containing ASUV* SUVA * [1st FIGURE OF CODE = @]
85.3%
Capitals containing ASVSuva
85.3%
Capitals containing AVSuva
85.3%
Capitals containing VSuva
85.3%
Capitals containing AVVatican City
80.2%
Capitals containing VVatican City
80.2%
Capitals containing AVVaduz
76.7%
Capitals containing VVaduz
76.7%
Capitals containing VVilnius
76.7%
Capitals containing AVValletta
69.8%
Capitals containing AVVientiane
69.8%
Capitals containing VValletta
69.8%
Capitals containing VVientiane
69.8%
Capitals containing AVHavana
69%
Capitals containing VHavana
69%
Capitals containing ASVBratislava
68.1%
Capitals containing AVBratislava
68.1%
Capitals containing VBratislava
68.1%
Capitals containing V* KYIV * [4th FIGURE OF CODE = 8]
62.9%
Capitals containing AVAntananarivo
58.6%
Capitals containing AVReykjavik
58.6%
Capitals containing VAntananarivo
58.6%
Hint Answer % Correct
Capitals containing VMontevideo
58.6%
Capitals containing VReykjavik
58.6%
Capitals containing AVPort Vila
57.8%
Capitals containing VPort Vila
57.8%
Capitals containing AVAndorra la Vella
56.9%
Capitals containing AVVictoria
56.9%
Capitals containing VAndorra la Vella
56.9%
Capitals containing VVictoria
56.9%
Capitals containing ASV* SARAJEVO * [2nd FIGURE OF CODE = P]
56%
Capitals containing AVMonrovia
56%
Capitals containing AVSarajevo
56%
Capitals containing VMonrovia
56%
Capitals containing VSarajevo
56%
Capitals containing ASVSan Salvador
52.6%
Capitals containing AVBrazzaville
52.6%
Capitals containing AVSan Salvador
52.6%
Capitals containing AV* YEREVAN * [3rd FIGURE OF CODE = %]
52.6%
Capitals containing VBrazzaville
52.6%
Capitals containing VSan Salvador
52.6%
Capitals containing VYerevan
52.6%
Capitals containing VLibreville
48.3%
Capitals containing VPorto-Novo
47.4%
*** SAFE CODE ***@p%8 [CONGRATULATIONS! YOU CRACKED THE CODE!]
30.2%
Remove Ads.
Support Sporcle.
Get the best of Sporcle when you Go Orange. This ad-free experience offers more features, more stats, and more fun while also helping to support Sporcle. Thank you for becoming a member.

You're not logged in!

Compare scores with friends on all Sporcle quizzes.
OR
Log In

Show Comments

Extras

Top Quizzes Today


Score Distribution

Your Account Isn't Verified!

In order to create a playlist on Sporcle, you need to verify the email address you used during registration. Go to your Sporcle Settings to finish the process.

Report this User

Report this user for behavior that violates our Community Guidelines.

Details: